Lubbock Lake : Late quaternary studies on the southern high plains /

Bibliographic Details
Other Authors: Johnson, Eileen McAllister
Format: Book
Language:English
Published: College Station, Texas : Texas A&M University Press, 1987.
Subjects:

MARC

Tag First Indicator Second Indicator Subfields
LEADER 00000cam a22000008a 4500
001 in00000011154
005 20190207093341.0
008 870121s1987 txu b 00100 eng
010 |a  87001888  
020 |a 0890963215 :  |c $35.00 
035 |a (OCoLC)15162536 
035 |9 AAA5826AM 
040 |a DLC  |c DLC  |d m/c  |d TXA  |d UtOrBLW 
043 |a n-us-tx 
049 |a TXAM  |c 2 [A11306741]  |a TXAS  |c 1 [txas], 3 [pres] 
050 0 0 |a E78.T4  |b L82 1987 
082 0 |a 976.4/847  |2 19 
245 0 0 |a Lubbock Lake :  |b Late quaternary studies on the southern high plains /  |c edited by Eileen Johnson. 
263 |a 8709 
264 1 |a College Station, Texas :  |b Texas A&M University Press,  |c 1987. 
300 |a viii, 179 pages :  |b illustrations 
336 |a text  |b txt  |2 rdacontent 
337 |a unmediated  |b n  |2 rdamedia 
338 |a volume  |b nc  |2 rdacarrier 
500 |a The Cushing Library/Chapman Texas Collection copy is part of the Floyd & Louise Chapman Texas & Borderlands Collection.  |5 TXA 
504 |a Bibliography: pages [169]-175. 
500 |a Includes index. 
651 0 |a Lubbock Lake Site (Tex.) 
650 0 |a Paleo-Indians  |z Texas. 
650 0 |a Excavations (Archaeology)  |z Texas. 
650 0 |a Indians of North America  |z Texas  |x Antiquities. 
651 0 |a Texas  |x Antiquities. 
700 1 |a Johnson, Eileen McAllister. 
999 |a MARS 
999 f f |s 3afbb3fe-b8a6-373f-b5e8-d465823e60cd  |i 0da98642-1a98-3cf1-8a6f-c0eca77d7669  |t 0 
952 f f |p noncirc  |a Texas A&M University  |b College Station  |c Cushing Memorial Library & Archives  |d Cushing: Chapman Texas Collection (Does not check out)  |t 0  |e E78.T4 L82 1987  |h Library of Congress classification  |i unmediated -- volume  |m A14809893017 
952 f f |p noncirc  |a Texas A&M University  |b College Station  |c Cushing Memorial Library & Archives  |d Cushing: Texas A&M Press (Does not check out)  |t 0  |e E78.T4 L82 1987  |h Library of Congress classification  |i unmediated -- volume 
952 f f |p normal  |a Texas A&M University  |b College Station  |c Sterling C. Evans Library  |d Evans: Library Stacks  |t 0  |e E78.T4 L82 1987  |h Library of Congress classification  |i unmediated -- volume  |m A14811306741 
998 f f |a E78.T4 L82 1987  |t 0  |l Evans: Library Stacks 
998 f f |a E78.T4 L82 1987  |t 0  |l Cushing: Texas A&M Press (Does not check out) 
998 f f |a E78.T4 L82 1987  |t 0  |l Cushing: Chapman Texas Collection (Does not check out)